| 000 | 01000cam a22002653a 4500 | ||
|---|---|---|---|
| 001 | 16506 | ||
| 003 | PGUSA | ||
| 005 | 20140828083342.0 | ||
| 008 | 050810s2005||||xxu|||||s|||||000 p eng d | ||
| 040 |
_aPGUSA _beng |
||
| 042 | _adc | ||
| 050 | 4 | _aPN | |
| 100 | 1 |
_aWesley, Samuel, _d1662-1735 |
|
| 245 | 1 | 0 |
_aEpistle to a Friend Concerning Poetry (1700) and the Essay on Heroic Poetry (second edition, 1697) _h[electronic resource] / _cSamuel Wesley |
| 260 |
_bProject Gutenberg, _c2005 |
||
| 505 | 0 | _aAn epistle to a friend concerning poetry -- -- The preface [to the life of our Blessed Lord and Saviour Jesus Christ. An heroic poem: dedicated to Her Most Sacred Majesty. In Ten Books.], Being an Essay on Heroic Poetry. | |
| 506 | _aPublic domain in the USA. | ||
| 516 | _aElectronic text | ||
| 653 | _aEpic poetry | ||
| 653 | _aPoetry | ||
| 700 | 1 |
_aHooker, Edward Niles, _d-1957 |
|
| 830 | 0 |
_aProject Gutenberg _v16506 |
|
| 856 | 4 | 0 | _uhttp://www.gutenberg.org/ebooks/16506 |
| 942 | _cEB | ||
| 999 |
_c245761 _d245761 |
||